Nové sieťové metódy a algoritmy v digitálnom spracovaní daktyloskopických stôp

Salvato in:
Dettagli Bibliografici
Autore principale: Hutáš, Peter (Autore)
Altri autori: Hambalík, Alexander (Relatore della tesi)
Natura: Manoscritto Libro
Lingua:slovacco
Pubblicazione: Bratislava : STU v Bratislave, FEI, 2020
Soggetti:
Accesso online:https://opac.crzp.sk/?fn=detailBiblioForm&sid=FD287398550734C84EB217BBBA89&seo=CRZP-detail-kniha
Tags: Aggiungi Tag
Nessun Tag, puoi essere il primo ad aggiungerne!!

MARC

LEADER 00000ntm a22000003a 4500
001 stuzp71613
003 SK-STU
005 20200721114547.3
007 ta
008 150427s2015----xo-----f-mn---000-0-slo-d
040 |a STU  |b slo 
041 0 |a slo 
044 |a xo 
100 1 |a Hutáš, Peter  |u 035000  |4 aut  |U FEI Fakulta elektrotechniky a informatiky  |T FEI Ústav informatiky a matematiky  |X 74699  |U E050  |Y 816  |7 74699 
242 0 1 |a New Network Methods and Algorithms for Digital Fingerprint Processing  |y eng 
245 1 0 |a Nové sieťové metódy a algoritmy v digitálnom spracovaní daktyloskopických stôp 
260 |c Bratislava :  |c STU v Bratislave, FEI,  |c 2020 
300 |a 75 s. 
650 4 |a hlboké neurónové siete  |2 slo 
650 4 |a PyTorch  |2 slo 
650 4 |a DBOX  |2 slo 
650 4 |a odtlačky prstov  |2 slo 
650 4 |a komplexné markanty  |2 slo 
650 4 |a extrakcia  |2 slo 
650 4 |a extraction  |2 eng 
650 4 |a data augmentation  |2 eng 
650 4 |a PyTorch  |2 eng 
650 4 |a fingerprint recognition  |2 eng 
650 4 |a minutiae  |2 eng 
650 4 |a deep neural  |2 eng 
650 4 |a DBOX  |2 eng 
700 1 |a Hambalík, Alexander  |u 035000  |k Z1  |4 ths  |U FEI Fakulta elektrotechniky a informatiky  |T FEI Ústav informatiky a matematiky  |X 284  |U E050  |Y 816  |7 A000000284 
856 4 |u https://opac.crzp.sk/?fn=detailBiblioForm&sid=FD287398550734C84EB217BBBA89&seo=CRZP-detail-kniha